000 00465nmm a2200157Ia 4500
008 251105s9999||||xx |||||||||||||||||und||
020 _a9788431527594
041 _aspa
100 _aPrimiceri, Antonio
245 0 _aLos mejores cócteles del mundo
264 _a[Madrid, España] :
_bDe Vecchi,
_c[Fecha de publicación no identificada]
300 _a0 páginas
650 _aCooking
856 _uhttps://public.digitaliapublishing.com/a/122647
942 _cCF
999 _c81148
_d81148